000
00298nam a22001337a 4500
008
170406b xxu||||| |||| 00| 0 eng d
020
_a
9780683047356
041
_a
eng
080
_a
616.15
100
_a
9
101
_a
SHM
245
_a
NEOPLASTIC HEMATOPATHOLOGY
_c
KNOWLES, D.M
942
_2
udc
_c
BK
999
_c
9911
_d
9911